| 000 | 00898cas a22002777ar4500 | ||
|---|---|---|---|
| 005 | 20220127140432.0 | ||
| 008 | 001017c2002 at mr pernn 0 b1eng d | ||
| 010 | _a86098 | ||
| 011 | _a87070 | ||
| 022 | _a1445-4408 | ||
| 035 | _a97611 | ||
| 245 | 0 | 0 |
_aFunctional Plant Biology _c/by CSIRO |
| 260 | 0 |
_aCollingwood VIC, Australia: _bCSIRO, _c2002- |
|
| 300 |
_av. : _bláms |
||
| 310 | _aMensual | ||
| 362 | 0 | _av.29 n.6,2002. | |
| 590 |
_aCONVERSION _b10 _c20130109 _lUCH01 _h1348 |
||
| 780 | 1 | 4 | _tAustralian Journal of Plant Physiology |
| 866 | _av. 29 n. 1 (2002) - v. 30 n. 12 (2003) | ||
| 866 | _av. 31 n. 1 (2004) - v. 31 n. 12 (2004) | ||
| 866 | _av. 33 n. 1 (2006) - v. 33 n. 11 (2006) | ||
| 866 | _av. 34 n. 1 (2007) - v. 34 n. 12 (2007) | ||
| 866 | _av. 35 n. 1 (2008) - v. 35 n. 12 (2008) | ||
| 901 | _aSE | ||
| 905 | _aAraceli Hernández Gómez | ||
| 999 |
_c86098 _d86098 |
||